Statistics for Countries, US States, Capitals, Elements, 100 Most Common Words: no Repeated Letters

Click here to take the quiz!

General Stats

  • This quiz has been taken 205 times
  • The average score is 13 of 32

Answer Stats

# _ANSWER% Correct
10 UUzbekistan
79%
11 SSwitzerland
65%
8 HHydrogen
62%
8 FFluorine
56%
8 PPortugal
56%
9 SSingapore
55%
9 SSingapore
55%
8 SSuriname
55%
8 FFrancium
54%
8 WWindhoek
54%
8 HHonduras
53%
8 CChlorine
43%
9 BBucharest
42%
8 BBudapest
41%
8 BBelmopan
38%
8 KKhartoum
38%
8 SSlovenia
38%
8 CColumbia
36%
8 MMaldives
36%
8 DDushanbe
33%
8 PPlatinum
32%
8 RRichmond
32%
8 BBismarck
30%
10 CCharleston
30%
10 LLawrencium
30%
9 FFlerovium
29%
9 MMogadishu
29%
10 SSeaborgium
28%
10 BBridgetown
26%
8 SScandium
25%
8 PPort Vila
23%
8 NNobelium
19%

Score Distribution

Percentile by Number Answered

Percent of People with Each Score

Your Score History

You have not taken this quiz